000 00705nam a2200289Ia 4500
005 20260324145217.0
008 008 260324s9999 xx 000 0 eng d
020 _a9780429045257
037 _aEBOOK
040 _aCRL
040 _beng
040 _cCRL
041 _2eng
041 _aeng
084 _qCRL
100 _aAlvin L. Alm
_91222147
245 0 _aCoal Myths And Environmental Realities
245 0 _bIndustrial Fuel-use Decisions In A Time Of Change
260 _bTaylor and Francis
260 _c1984
365 _a
365 _b230
856 _uhttp://www.taylorfrancis.com/books/9780429045257
942 _cEBOOK
999 _c1829744
_d1829744